A history of the ancient Egyptians /
محفوظ في:
المؤلف الرئيسي:
التنسيق: كتاب
اللغة: English
منشور في:
London :
J. Murray,
1935.
سلاسل:
The historical series for Bible students ;
5.
الموضوعات:
الوسوم: إضافة وسم
لا توجد وسوم, كن أول من يضع وسما على هذه التسجيلة!
رقم الطلب: DT83 .B8
| LEADER | 00905nam a22002417a 4500 | ||
|---|---|---|---|
| 003 | OSt | ||
| 005 | 20260210103505.0 | ||
| 008 | 260210t1935 enkbe g 000 0 eng d | ||
| 010 | |a 29030135 | ||
| 040 | |c ARCE Library | ||
| 043 | |a f-ua--- | ||
| 050 | 1 | 4 | |a DT83 |b .B8 |
| 100 | 1 | |a Breasted, James Henry, |d 1865-1935. |e author | |
| 245 | 1 | 2 | |a A history of the ancient Egyptians / |c by James Henry Breasted. |
| 264 | 1 | |a London : |b J. Murray, |c 1935. | |
| 300 | |a xiii, 469 pages : |b maps (part folded), double plan ; |c 19 cm. | ||
| 490 | 1 | |a The historical series for Bible students ; |v 5. | |
| 500 | |a This volume is largely a condensation and abridgment of the author's "A history of Egypt from the earliest times to the Persian conquest", 1905. | ||
| 651 | 0 | |a Egypt |x History |y To 640 A.D. | |
| 830 | 4 | |a The historical series for Bible students ; |v 5. | |
| 901 | |a reviewed | ||
| 942 | |c BK |2 lcc | ||
| 999 | |c 14237 |d 14237 | ||
